000
00261nam a2200097Ia 4500
001
687483
005
20250826161556.0
008
250824s9999 xx 000 0 und d
245
0
_a
KİBELENİN GÖLGESİNDE
_c
YASEMİN YÜCESOY GÜNDOĞAN
260
_b
TUDEM YAYINLARI
999
_c
687483
_d
687483